307 Circuits / (Record no. 592817)

000 -LEADER
fixed length control field 00280nam a22001337a 4500
003 - CONTROL NUMBER IDENTIFIER
control field NUST
020 ## - INTERNATIONAL STANDARD BOOK NUMBER
International Standard Book Number 9812140077
082 ## - DEWEY DECIMAL CLASSIFICATION NUMBER
Classification number 621.39409,CIR
245 ## - TITLE STATEMENT
Title 307 Circuits /
260 ## - PUBLICATION, DISTRIBUTION, ETC.
Place of publication, distribution, etc. New Delhi
Name of publisher, distributor, etc. Tech Pub.
300 ## - PHYSICAL DESCRIPTION
Extent 342 p
650 ## - SUBJECT ADDED ENTRY--TOPICAL TERM
Topical term or geographic name entry element Circuits
9 (RLIN) 106045
942 ## - ADDED ENTRY ELEMENTS (KOHA)
Source of classification or shelving scheme
Koha item type Book
Holdings
Withdrawn status Lost status Source of classification or shelving scheme Damaged status Not for loan Permanent Location Current Location Shelving location Date acquired Total Checkouts Full call number Barcode Date last seen Price effective from Koha item type Public note
          Military College of Signals (MCS) Military College of Signals (MCS) General Stacks 12/27/2022   621.39409,CIR MCS32341 12/27/2022 12/27/2022 Book Almirah No.40, Shelf No.2
© 2023 Central Library, National University of Sciences and Technology. All Rights Reserved.